Yeniden Müdafaa-i Hukuk (Record no. 11338)

MARC details
000 -BAŞLIK
Sabit Uzunlukta Kontrol Alanı 01224na a2200361 4500
001 - KONTROL NUMARASI
Denetim Alanı 22236
003 - KONTROL NUMARASI IDENTIFIER
Denetim Alanı MIRAKIL
005 - SON İŞLEM TARİHİ VE ZAMANI
Denetim Alanı 20181226092842.0
008 - SABİT-BOY VERİ ELEMANLARI - GENEL BİLGİLER
Sabit Uzunlukta Kontrol Alanı 170212b tu n0 0 0
035 ## - SİSTEM KONTROL NUMARASI
Sistem Kontrol Numarası 22236
040 ## - KATALOGLAMA KAYNAK
Orijinal Kataloglama Ajansı Milas
Kataloglama Dili tur
Metne Dönüştürmek Ajansı TR-AnCHP
041 ## - DİL KODU
Metin / Ses Parça Veya Ayrı Başlığın Dil Kodu tur
090 ## - SINIFLAMA NUMARASI
Sınıflama Numarası ATA 050 DER 137
222 ## - ANAHTAR ADI
Anahtar Başlık Yeniden Müdafaa-i Hukuk
245 ## - BAŞLIK TABLOSU
Başlık Yeniden Müdafaa-i Hukuk
Başlığın Kalan aylık Kemalist (siyasi) dergi
Sorumluluk Tablosu, Vb [yayınlayan] Müdafaa-i Hukuk Vakfı
246 ## - UNVAN FORM VARYING
Başlık Doğru / Kısa Başlığı Müdafaa-i hukuk dergisi
246 ## - UNVAN FORM VARYING
Başlık Doğru / Kısa Başlığı Müdafaa-i Hukuk aylık Kemalist dergi
246 ## - UNVAN FORM VARYING
Başlık Doğru / Kısa Başlığı Aylık Kemalist dergi
260 ## - YAYIN, DAĞITIM, VB
Yayın, Dağıtım, Vb Yeri Ankara
Yayıncı, Dağıtıcı, Vs Adı Ufuk Matbbacılık
Yayın, Dağıtım, Vb Tarihi 1997-
300 ## - FİZİKSEL TANIM
Kapsam c.
Diğer Fiziksel Ayrıntıları res.
Boyutlar 30 sm.
362 ## - YAYIN VE / VEYA SIRALI GÖREVLENDİRİLMESİNE TARİHLERİ
Yayın Ve / Veya Ardışık Kullanım Amacı Tarihleri yıl 3, sayı 34-3 (Haziran 2001)-
500 ## - GENEL NOT
Genel Not Niteleme sayı yıl 3, sayı 34-3 (Haziran 2001)'e dayalıdır.
600 ## - KONU KATMA GİRİŞ - KURUMSAL ADI
Kişisel Ad Atatürk, Mustafa Kemal
Başlıklar Ve Bir Adla İlişkili Diğer Kelimeler Gazi
Bir Adıyla İlişkilendirilen Tarihler 1881-1938
Form Alt Bölümü Süreli yayınlar
610 ## - KONU KATMA GİRİŞ - TOPLANTI ADI
Giriş Elemanı Olarak Kurumsal Ad Veya Yargı Alanı Adı CHP
Biçim Alt Bölümü Süreli yayınlar
650 ## - KONU KATMA GİRİŞ - TOPİKAL DÖNEM
Topikal Süreli Veya Coğrafi Ad Giriş Elemanı Atatürkçülük
Form Alt Bölümü Süreli yayınlar
Coğrafi Alt Bölümü Türkiye
651 ## - KONU KATMA GİRİŞ - COĞRAFİ ADI
Coğrafi İsim Türkiye
Form Alt Bölümü Süreli yayınlar
Genel Alt Bölümü Siyasal tarih
Kronolojik Alt Bölümü 1918-1960
780 ## - ÖNCEKİ GİRİŞ
Ana Giriş Başlığı Müdafaa-i Hukuk
785 ## - SONRAKİ GİRİŞ
Ana Giriş Başlığı Yeniden Anadolu ve Rumeli Müdafaa-i Hukuk
910 ## - KULLANICI SEÇENEK, VERİLERİN (OCLC)
Kullanıcı Seçenek Veri DERGİ 137
942 ## - EKLENDİ GİRİŞ ELEMANLARI (KOHA)
Sınıflandırma Veya Raf Düzeni Kaynak Dewey Decimal Classification
Koha Öğesi Türü Serials
999 ## - SİSTEM KONTROL NUMARALARI (KOHA)
Koha Biblionumber 11338
Koha Biblioitemnumber 11338
310 ## - MEVCUT YAYIN FREKANSI
Güncel Yayın Frekansı Aylık
655 ## - INDEX DÖNEM - TÜR / FORMU
-- Dergi
Holdings
Kullanım Kısıtlamaları Kalıcı Konum Mevcut Konum Edinme Tarihi Kodlu Konum Eleme Toplam Check-Out'Lar Tam Çağrı Numarası Barkod Tarih Son Görülme İtibaren Geçerli Fiyatlar Sigara Kamu Notu Koha Öğesi Türü
Kütüphane dışına çıkarılamaz CHP Kütüphanesi CHP Kütüphanesi 02/12/2017 ATA-SÜRELİ YAYINLAR   050 DER 105 D137 02/12/2017 02/12/2017 Serials